000 00380nam a22001457a 4500
999 _c15617
_d15617
003 OSt
008 190520b ||||| |||| 00| 0 eng d
020 _a9789384337315
082 _a664
_bTRI/PR
100 _aTripathi, M K
_94098
245 _aProbiotic Food : Technology, Safety and Human Health
260 _aDelhi
_bJaya Publishing House
_c2015
300 _a448 p.
942 _cBK